[Event "Varsity Oxford-Cambridge 135th"]
[Site "RAC Club, London"]
[Date "2017.03.11"]
[Round "8"]
[White "Kozera, Alexandra"]
[Black "Ho, En Huei Danielle"]
[Result "1-0"]
[WhiteElo "1876"]
[BlackElo "1974"]
[EventDate "2017.03.11"]
[EventType "team-match"]
[EventRounds "1"]
[EventCountry "ENG"]
[BlackTeam "Cambridge University"]
[WhiteTeam "Oxford University"]
[WhiteTeamCountry "ENG"]
[BlackTeamCountry "ENG"]

1.e4 { [%clk 1:59:57] } 1...c5 { [%clk 1:59:50] } 2.Nf3 { [%clk 1:59:52] } 2...d6 { [%clk 1:59:44] } 3.d4 { [%clk 1:59:48] } 3...cxd4 { [%clk 1:59:38] } 4.Nxd4 { [%clk 1:59:44] } 4...Nf6 { [%clk 1:59:32] } 5.Nc3 { [%clk 1:59:39] } 5...g6 { [%clk 1:59:28] } 6.Be3 { [%clk 1:59:32] } 6...Bg7 { [%clk 1:59:21] } 7.f3 { [%clk 1:59:12] } 7...O-O { [%clk 1:59:15] } 8.Qd2 { [%clk 1:58:56] } 8...Nc6 { [%clk 1:59:02] } 9.Bc4 { [%clk 1:58:28] } 9...Bd7 { [%clk 1:58:53] } 10.O-O-O { [%clk 1:57:52] } 10...Rc8 { [%clk 1:58:45] } 11.Bb3 { [%clk 1:57:39] } 11...Ne5 { [%clk 1:58:37] } 12.Kb1 { [%clk 1:56:09] } 12...a6 { [%clk 1:55:13] } 13.h4 { [%clk 1:39:06] } 13...h5 { [%clk 1:48:56] } 14.g4 { [%clk 1:38:14] } 14...hxg4 { [%clk 1:40:59] } 15.h5 { [%clk 1:38:10] } 15...Nxh5 { [%clk 1:40:42] } 16.Rdg1 { [%clk 1:38:02] } 16...Nc4 { [%clk 0:19:26] } 17.Bxc4 { [%clk 1:34:05] } 17...Rxc4 { [%clk 0:19:21] } 18.fxg4 { [%clk 0:59:57] } 18...Bxg4 { [%clk 0:19:12] } 19.Rxg4 { [%clk 0:58:07] } 19...e6 { [%clk 0:19:01] } 20.Nxe6 { [%clk 0:35:30] } 20...fxe6 { [%clk 0:15:53] } 21.Rxg6 { [%clk 0:35:14] } 21...Qe8 { [%clk 0:10:26] } 22.Qg2 { [%clk 0:30:36] } 22...Rxc3 { [%clk 0:05:11] } 23.bxc3 { [%clk 0:21:42] } 23...Qb5+ { [%clk 0:05:04] } 24.Kc1 { [%clk 0:21:14] } 24...Qa5 { [%clk 0:03:27] } 25.Bh6 { [%clk 0:17:34] } 25...Rf7 { [%clk 0:01:21] } 26.Rxh5 { [%clk 0:17:06] } 26...Qxh5 { [%clk 0:00:33] } 27.Rxg7+ { [%clk 0:17:00] } 27...Kf8 { [%clk 0:00:32] } 28.Rxf7+ { [%clk 0:16:10] } 28...Kxf7 { [%clk 0:00:31] } 29.Qg7+ { [%clk 0:16:02] } 29...Ke8 { [%clk 0:00:31] } 30.Qf8+ { [%clk 0:15:55] } 30...Kd7 { [%clk 0:00:30] } 31.Bf4 { [%clk 0:13:31] } 31...e5 { [%clk 0:00:29] } 32.Be3 { [%clk 0:07:48] } 32...Qh1+ { [%clk 0:00:28] } 33.Kb2 { [%clk 0:07:29] } 33...Qxe4 { [%clk 0:00:25] } 34.Bb6 { [%clk 0:06:45] } 34...Qc6 { [%clk 0:00:23] } 35.Qf7+ { [%clk 0:03:49] } 35...Kc8 { [%clk 0:00:22] } 36.Qe6+ { [%clk 0:03:37] } 36...Kb8 { [%clk 0:00:18] } 37.Qg8+ { [%clk 0:03:35] } 37...Qc8 { [%clk 0:00:16] } 38.Qxc8+ { [%clk 0:03:18] } 38...Kxc8 { [%clk 0:00:15] } 39.c4 { [%clk 0:03:02] } 39...Kd7 { [%clk 0:00:14] } 40.a4 { [%clk 0:02:44] } 40...Kc6 { [%clk 0:00:13] } 41.a5 { [%clk 0:02:37] } 41...Kd7 { [%clk 0:00:07] } 42.Kc3 { [%clk 0:02:35] } 42...Ke6 { [%clk 0:00:06] } 43.Kd3 { [%clk 0:02:29] } 43...Kf5 { [%clk 0:00:06] } 44.Bc7 { [%clk 0:02:23] } 44...Ke6 { [%clk 0:00:05] } 45.Ke4 { [%clk 0:02:21] } 45...Kd7 { [%clk 0:00:04] } 46.Bb6 { [%clk 0:01:44] } 46...Ke6 { [%clk 0:00:04] } 47.c3 { [%clk 0:01:39] } 47...Kd7 { [%clk 0:00:04] } 48.Kd5 { [%clk 0:01:38] } 48...Ke7 { [%clk 0:00:03] } 49.Bc7 { [%clk 0:01:37] } 49...Kd7 { [%clk 0:00:03] } 50.Bxd6 { [%clk 0:01:36] } 50...e4 { [%clk 0:00:02] } 51.Bf4 { [%clk 0:01:33] } 51...Ke7 { [%clk 0:00:01] } 52.Kxe4 { [%clk 1:01:32] } 52...Ke6 { [%clk 1:00:00] } 53.Kd4 { [%clk 1:01:20] } 53...Kf5 { [%clk 0:57:17] } 54.Bc7 { [%clk 1:01:05] } 54...Ke6 { [%clk 0:57:12] } 55.Kc5 { [%clk 1:01:03] } 55...Kd7 { [%clk 0:57:06] } 56.Kb6 { [%clk 1:00:50] } 56...Kc8 { [%clk 0:57:03] } 57.Bf4 { [%clk 1:00:42] } 1-0